[Event "POL-chT13 DMP 2 liga corr"]
[Site "Poland"]
[Date "2000.??.??"]
[Round "?"]
[White "Peczkowski, Marek"]
[Black "Dziawgo, Wojciech"]
[Result "1-0"]
[WhiteElo "2161"]
[BlackElo "1800"]
[PlyCount "57"]
[EventDate "2000.??.??"]
[EventType "team (corr)"]
[EventRounds "14"]
[EventCountry "POL"]
[SourceTitle "Corr 2004"]
[Source "ChessBase"]
[SourceDate "2003.04.28"]
[SourceVersion "3"]
[SourceVersionDate "2003.04.28"]
[SourceQuality "1"]

1. e4 e5 2. Nf3 Nc6 3. Bb5 a6 4. Ba4 Nf6 5. 0-0 Be7 6. Re1 b5 7. Bb3 d6 8. c3 0-0 9. h3 Bb7 10. d4 Re8 11. Nbd2 exd4 12. cxd4 Na5 13. Bc2 c5 14. d5 Qc7 15. b3 Rec8 16. Nf1 b4 17. Ne3 Re8 18. Bb2 Bd8 19. Nf5 Bc8 20. e5 dxe5 21. Bxe5 Qd7 22. Qd2 Nh5 23. Nd6 Rxe5 24. Rxe5 g6 25. Qh6 Ng7 26. Rae1 Bb7 27. Re8+ Nxe8 28. Rxe8+ Qxe8 29. Nxe8 1-0

[Event "POL-chT13 DMP 2 liga corr"]
[Site "Poland"]
[Date "1999.??.??"]
[Round "?"]
[White "Dziawgo, Wojciech"]
[Black "Peczkowski, Marek"]
[Result "0-1"]
[WhiteElo "1800"]
[BlackElo "2161"]
[PlyCount "62"]
[EventDate "2000.??.??"]
[EventType "team (corr)"]
[EventRounds "14"]
[EventCountry "POL"]
[SourceTitle "Corr 2004"]
[Source "ChessBase"]
[SourceDate "2003.04.28"]
[SourceVersion "3"]
[SourceVersionDate "2003.04.28"]
[SourceQuality "1"]

1. e4 c5 2. Nf3 d6 3. d4 cxd4 4. Nxd4 Nf6 5. Bd3 Nc6 6. Nxc6 bxc6 7. 0-0 e5 8. f4 Be7 9. Nc3 0-0 10. b3 Ng4 11. Na4 exf4 12. Bxf4 Bf6 13. c3 Ne5 14. Be2 Be6 15. c4 Ng6 16. Rb1 Nxf4 17. Rxf4 Be5 18. Rf3 Qh4 19. h3 f5 20. exf5 Bxf5 21. Bd3 Bxd3 22. Qxd3 Rxf3 23. Qxf3 Rf8 24. Qd3 Qf4 25. g3 Qf2+ 26. Kh1 Bxg3 27. Rb2 Qe1+ 28. Kg2 Rf2+ 29. Kxg3 Qg1+ 30. Kh4 Rf4+ 31. Kh5 g6+ 0-1